Ημερίδα "Ψηφίδα την ψηφίδα: δημιουργία και συντήρηση του ψηφιδωτού" : 28 Μαρτίου 2007, Αθήνα
Αποθηκεύτηκε σε:
| Συλλογικό Έργο: | , |
|---|---|
| Μορφή: | Βιβλίο |
| Γλώσσα: | Greek |
| Δημοσίευση: |
Αθήνα :
Υπουργείο Πολιτισμού,
2008
|
| Θέματα: | |
| Ετικέτες: |
Προσθήκη ετικέτας
Δεν υπάρχουν, Καταχωρήστε ετικέτα πρώτοι!
|
MARC
| LEADER | 00000cam a2200000 i 4500 | ||
|---|---|---|---|
| 001 | 1/9553 | ||
| 008 | 100719s2008 gre d | ||
| 020 | |a 978-960-214-775-7 | ||
| 035 | |l 10108680 | ||
| 040 | |a GR-MY-UA |b gre |e aacr | ||
| 041 | 0 | |a gre | |
| 082 | 0 | |a 729.7 |2 (22) | |
| 110 | 2 | |a Βυζαντινό & Χριστιανικό Μουσείο (Αθήνα, Ελλάς) | |
| 245 | 1 | 0 | |a Ημερίδα "Ψηφίδα την ψηφίδα: δημιουργία και συντήρηση του ψηφιδωτού" : |b 28 Μαρτίου 2007, Αθήνα / |c Βυζαντινό και Χριστιανικό Μουσείο |
| 260 | |a Αθήνα : |b Υπουργείο Πολιτισμού, |c 2008 | ||
| 300 | |a 115 σ.; |b έγχρ. εικ.; |c 30 εκ. | ||
| 504 | |a Περιλαμβάνει βιβλιογραφίες | ||
| 650 | 0 | 0 | |a Mosaic floors |z Aegean Islands (Greece and Turkey) |
| 650 | 0 | 0 | |a Mosaics |x Conservation and restoration. |
| 710 | 2 | |a Ημερίδα "Ψηφίδα την ψηφίδα: δημιουργία και συντήρηση ψηφιδωτού". | |
| 852 | |a INST |b RHODES |e 20100719 |h 729.7 ΒΥΖ |p 005400032932 |q 005400032932 |t BK |y 0 | ||
| 901 | |a BIBL4-2010-2 | ||
| 909 | |a Ρ |b 163412 | ||
| 970 | |a ΚΟΖΑ |b ΜΑΡΙΑ |z 2010/07/19 | ||